| 000 | 00858nam a2200157 a 4500 | ||
|---|---|---|---|
| 008 | 150916s2014 ||||||||||||||||| || u | ||
| 050 | _aZIPAR(05)ZQ/2014/2A | ||
| 110 | _aZambia Institute for Policy Analysis & Research (ZIPAR) | ||
| 245 | 1 | 4 |
_aThe ZIPAR quarterly: Eurobonds, weighing risks against gains _cBy Zambia Institute for Policy Analysis and Research (ZIPAR) |
| 260 |
_aLusaka: _bZambia Institute for Policy Analysis and Research (ZIPAR) _c2014 |
||
| 300 | _a19p.: ill. | ||
| 650 | _aZAMBIA--ECONOMIC POLICY--PERIODICALS | ||
| 650 | _aZAMBIA--ECONOMIC CONDITIONS | ||
| 995 |
_aSPECIAL COLLECTIONS _e2016 _FCBU-MAIN LIBRARY (Kitwe) _jZIPAR(05)ZQ/2014/2B _M2 _UAVAILABLE _WSep 16, 2015 _yB2016 _ZZambiana Collection |
||
| 995 |
_aSPECIAL COLLECTIONS _e2015 _FCBU-MAIN LIBRARY (Kitwe) _jZIPAR(05)ZQ/2014/2A _M1 _UAVAILABLE _WSep 16, 2015 _yB2015 _ZZambiana Collection |
||
| 999 |
_c83443 _d83443 |
||